000
00321nam a22001337a 4500
008
170608b xxu||||| |||| 00| 0 eng d
020
_a
9781586482619
041
_a
eng
080
_a
327
100
_a
18
101
_a
SHP
245
_a
THECASE DMOCRACY THE POWER FREEDOM TO OVERCOM
_c
SHARANSKY.A
942
_2
udc
_c
BK
999
_c
16411
_d
16411